| 000 | 00526aam a2200205 4500 | ||
|---|---|---|---|
| 001 | 7372 | ||
| 003 | Uk | ||
| 005 | 20250610154022.0 | ||
| 006 | m || d | | ||
| 007 | cr ||||||||||| | ||
| 008 | 040401s2004 enka ob 001 0 eng | ||
| 020 | _a9789747534269 | ||
| 082 | 0 | 4 | _a398.3 MIL |
| 100 | 1 | _aMilne, Leslie. | |
| 245 | 1 | 0 | _aShans at home. |
| 260 |
_aLondon : _bWhite Lotus Co. Ltd., _c2001. |
||
| 300 |
_axi, 221 p. : _bill, : _c25 cm. |
||
| 504 | _aIncludes bibliographical references and index. | ||
| 942 |
_2ddc _cMAIN |
||
| 999 |
_c10350 _d10351 |
||